000
00245nam a2200097Ia 4500
001
1146727
005
20250827010257.0
008
250824s9999 xx 000 0 und d
245
0
_a
NİYAZ
_c
FAİK ÖZDENGÜL
260
_b
KARATAY AKADEMİ YAYINLARI
999
_c
1146727
_d
1146727